000 02893nam a22004095i 4500
001 978-0-85729-661-0
003 DE-He213
005 20250131142733.0
007 cr nn 008mamaa
008 110804s2011 xxk| s |||| 0|eng d
020 _a9780857296610
_9978-0-85729-661-0
024 7 _a10.1007/978-0-85729-661-0
_2doi
040 _aKO
_beng
041 0 _aeng
082 0 4 _a006.3
_223
100 1 _aOluwole, Oluleke.
_eauthor.
_4aut
_4http://id.loc.gov/vocabulary/relators/aut
245 1 0 _aFinite Element Modeling for Materials Engineers Using MATLAB®
_h[electronic resource] /
_cby Oluleke Oluwole.
250 _a1st ed. 2011.
264 1 _aLondon :
_bSpringer London :
_bImprint: Springer,
_c2011.
300 _aXI, 120 p.
_bonline resource.
338 _aonline resource
505 0 _a1. The Weak Formulation -- 2. Linear Interpolation Functions -- 3.Derivation of Element Matrices and Solution of the Finite Element Equation -- 4. Steps to Modeling Using PDEToolBox Graphics Interface -- 5. Application of PDEToolBox to Heat Transfer Problems -- 6. Application of PDEToolBox to Elasticity Problems.
520 _aThe finite element method is often used for numerical computation in the applied sciences. It makes a major contribution to the range of numerical methods used in the simulation of systems and irregular domains, and its importance today has made it an important subject of study for all engineering students.   While treatments of the method itself can be found in many traditional finite element books, Finite Element Modeling for Materials Engineers Using MATLAB® combines the finite element method with MATLAB to offer materials engineers a fast and code-free way of modeling for many materials processes.   Finite Element Modeling for Materials Engineers Using MATLAB® covers such topics as: developing a weak formulation as a prelude to obtaining the finite element equation, interpolation functions, derivation of elemental equations, and use of the Partial Differential Equation Toolbox™. Exercises are given based on each example and m-files based on the examples are freely available to readers online. Researchers, advanced undergraduate and postgraduate students, and practitioners in the fields of materials and metallurgy will find Finite Element Modeling for Materials Engineers Using MATLAB® a useful guide to using MATLAB for engineering analysis and decision-making.
650 0 _aComputational intelligence.
650 0 _aComputer simulation.
650 0 _aMathematics
_xData processing.
650 0 _aMaterials science.
650 1 4 _aComputational Intelligence.
650 2 4 _aComputer Modelling.
650 2 4 _aComputational Science and Engineering.
650 2 4 _aMaterials Science.
856 4 0 _uhttps://doi.org/10.1007/978-0-85729-661-0
904 _aRUDRA_R
905 _aR_RANJAN
942 _2ddc
_cEB
999 _c3214
_d3214